| 000 | 01181 a2200229 4500 | ||
|---|---|---|---|
| 003 | Nust | ||
| 005 | 20170207153246.0 | ||
| 010 | _a 95042942 | ||
| 020 | _a075062406X (pbk.) | ||
| 040 | _cNust | ||
| 082 | 0 | 0 | _a621.3825 |
| 100 | 1 | _aHarris, L. | |
| 245 | 1 | 0 |
_aSatellite projects handbook / _cLawrence Harris. |
| 260 |
_aOxford ; _aBoston : _bNewnes, _c1996. |
||
| 300 |
_axii, 173 p. : _bill., map ; _c24 cm. |
||
| 500 | _aIncludes index. | ||
| 505 | _aOperations with UK-5, and IRAS (Page-1) Select Your Satellites (Page-13) Weather Satellites (Page-25) Weather and Resources Satellite Systems (Page-39) Geostationary Weather Satellites: Meteosat, Goes, GSM, Goms, Fengyun (Page-57) The Start of Ground Station (Page-79) Weather Satellite Equipment (Page-87) Decoding the Image (Page-103) Projects with weather satellites (Page-118) Sleuthing (Page-129) Late-Breaking news from NOAA, GOES, GSM and GOMS (Page-133) | ||
| 538 | _aAlmirah No.38 Shelf No.4 | ||
| 650 | 0 | _aTelecommunication engineering | |
| 856 | 4 | 2 |
_3Publisher description _uhttp://www.loc.gov/catdir/description/els032/95042942.html |
| 856 | 4 | 2 |
_3Table of contents _uhttp://www.loc.gov/catdir/toc/els032/95042942.html |
| 942 |
_2ddc _cBK |
||
| 999 |
_c182621 _d182621 |
||